000 01195nam0a2200313 4500
001 RU\NLR\bibl\1876171
005 20250616192105.0
010 _a978-5-459-01186-9
_94000
021 _aRU
_b2012-10566
_9791
035 _a(NLR Aleph) 001865974
090 _a2595852
_c2595852
100 _a20120302d2012 |||y0rusy50 ca
101 1 _arus
_cfre
102 _aRU
105 _aa |||||||||
200 1 _aЩедрый сад и огород
_eэкологически чистые фрукты и овощи
_f[пер. с фр.: У. Кочеткова]
210 _aСанкт-Петербург
_cПитер
_d2012
215 _a224 с.
_cцв. ил.
_d30
606 1 _aПриусадебное садоводство
_xЭкологически чистые технологии
_92315386
_3RU\NLR\auth\661385469
606 1 _aПриусадебное овощеводство
_xЭкологически чистые технологии
_92315384
_3RU\NLR\auth\661385468
686 _aП23,1
686 _aП24,1
702 1 _aКочеткова
_bУ.
_4730
801 0 _aRU
_bNLR
_c20120302
_gRCR
801 1 _aRU
_bNLR
_c20120302
942 _cBOOK
980 _aNB
980 _aNBR